| 000 | 01054nam a2200205 a 4500 | ||
|---|---|---|---|
| 008 | 120416s1968 ||||||||||||||||| || u | ||
| 020 | _a007094072X | ||
| 050 | _aQD 456 Smi | ||
| 100 | _aSmith, Archibald C. Kennedy | ||
| 245 | 1 | 0 | _aApplied physical chemistry problems for chemists and chemical engineers |
| 260 |
_aLondon _bMcGraw-Hill _c1968 |
||
| 300 | _ax, 239p. : ill. | ||
| 350 | _a0.00 | ||
| 650 | 0 | _aCHEMISTRY--HANDBOOKS, MANUALS, ETC | |
| 650 | _aCHEMICAL ENGINEERING--PROBLEMS, EXERCISES, ETC | ||
| 650 | 0 | _aCHEMISTRY, PHYSICAL AND THEORETICAL--HANDBOOKS, MANUALS, ETC | |
| 995 |
_aMAIN LIBRARY OPEN ACCESS _D0.00 _e717169 _FCBU-MAIN LIBRARY (Kitwe) _H2 _I3.95 _jQD 456 Smi _UAVAILABLE _y012449 _ZMain Library Open Access Collection |
||
| 995 |
_aMAIN LIBRARY OPEN ACCESS _D0.00 _e717170 _FCBU-MAIN LIBRARY (Kitwe) _H1 _I3.95 _jQD 456 Smi _UAVAILABLE _y012448 _ZMain Library Open Access Collection |
||
| 995 |
_aMAIN LIBRARY OPEN ACCESS _D0.00 _e717171 _FCBU-MAIN LIBRARY (Kitwe) _H3 _I3.95 _jQD 456 Smi _UAVAILABLE _y012450 _ZMain Library Open Access Collection |
||
| 999 |
_c84299 _d84299 |
||